00983nam a2200229Ia 4500008004100000020001800041082001400059100001600073245005000089250000600139260002500145300001000170500002400180650002100204942000700225952009600232952009600328952012000424952009600544952009600640999001700736230524s9999 xx 000 0 und d a9780070669017 a3.54bBOS aRanjan Bose 0a"Information Theory, Coding and Cryptography" a2 aNew DelhibMGHc2011 a325p; aQuantity Number: 5 aComputer Science cBK 00104070aTATCLbTATCLcGENd2023-05-24l0o003.54 BOSp49740r2023-05-24w2023-05-24yBK 00104070aTATCLbTATCLcGENd2023-05-24l0o003.54 BOSp49741r2023-05-24w2023-05-24yBK 00104070aTATCLbTATCLcGENd2023-05-24l1o003.54 BOSp49926q2014-11-11r2024-01-29s2024-01-29w2023-05-24yBK 00104070aTATCLbTATCLcGENd2023-05-24l0o003.54 BOSp49927r2023-05-24w2023-05-24yBK 00104070aTATCLbTATCLcGENd2023-05-24l0o003.54 BOSp49928r2023-05-24w2023-05-24yBK c53592d53592